| 000 | 00415nam a2200169 a 4500 | ||
|---|---|---|---|
| 001 | 5933 | ||
| 003 | CDMR | ||
| 005 | 20130220142515.0 | ||
| 008 | 130220s2011||||||||||||||||||||||||||||d | ||
| 040 |
_aCDMR _bcat _cCDMR |
||
| 100 | 1 |
_aFuentes, Manel _92340 |
|
| 245 | 1 | 0 |
_aBenvinguts a casa vostra _cManel Fuentes |
| 260 |
_aBadalona _bAra _c2011 |
||
| 300 |
_a263 p ; _c20 cm |
||
| 630 | _aRecull d'articles | ||
| 942 | _cMON | ||
| 999 |
_c5933 _d5933 |
||